01107nam a2200241 a 450000100060000000300080000600500170001400800410003103500190007204000460009104100080013708200260014510000360017124502040020726000960041130000360050750000200054361000760056365000480063994200120068799900170069995201490071650051BD-RjUL20211209075441.0160823s1937 at a b 001 0 eng  a(BD-RjUL)50171 aDLCcOrPRdOrPRdOCoLCdDLCdBD-RjULbeng aeng a331.1550994bFOT 19371 aFoenander, Orwell de R.915001410aTowards industrial peace in Australia :ba series of essays in the history of the commonwealth Court of conciliation and arbitration : an economic-legal-historical study /cby Orwell de R. Foenander. aMelbourne :bMelbourne University Press in association with Oxford University Press,c1937. axxvii, 292 p. :bill. ;c23 cm. aIncludes index.10aAustralia.bCommonwealth Court of Conciliation and Arbitration.9150025 0aArbitration, IndustrialzAustralia.9150016 2ddccBK c50051d50051 00102ddc40708NFICaRUCLbRUCLcStackd1961-11-09eDr. Anwar Iqbal Qureshil0o331.1550994 FOT 1937r2016-08-23 00:00:00tC-2w2016-08-23yBK